000 00638nam a2200217Ia 4500
005 20241129104346.0
008 241129s9999||||xx |||||||||||||| ||und||
020 _a9355941757
037 _aTextual
040 _aRTL
_beng
_cRTL
041 _aeng
_2eng
084 _aY:582 R3
_qRTL
100 _aBhattacharya Bimalendu
_9726009
245 0 _aMigration reshaping human history
_cBhattacharya Bimalendu
260 _aNew Delhi
_bConcept Publication
_c2023
300 _axiv,182p.
365 _aINR
_b900
650 _aThe Impact of Migration on Society
_9726010
942 _cTB
_hY:582 R3
999 _c1225561
_d1225561